[Event "Split op 13th"]
[Site "Split"]
[Date "2024.08.05"]
[Round "4"]
[White "Grgantov, Marin"]
[Black "Capin, Josip"]
[Result "1-0"]
[WhiteElo "2110"]
[BlackElo "1879"]
[PlyCount "95"]
[EventDate "2024.08.03"]
[EventType "swiss"]
[EventRounds "10"]
[EventCountry "CRO"]
[SourceTitle "CBM 221 Extra"]
[Source "ChessBase"]
[SourceDate "2024.09.30"]
[SourceVersion "1"]
[SourceVersionDate "2024.09.30"]
[SourceQuality "1"]

1. e4 c6 2. d4 d5 3. e5 c5 4. dxc5 e6 5. Nf3 Bxc5 6. a3 f6 7. b4 Be7 8. Bb5+ Bd7 9. Bd3 fxe5 10. Nxe5 Nf6 11. 0-0 0-0 12. Bb2 Nc6 13. Nd2 Nxe5 14. Bxe5 a5 15. b5 a4 16. Qe2 Bc5 17. h3 Qe7 18. Bb2 Qf7 19. Nf3 Qh5 20. Ne5 Qxe2 21. Bxe2 Be8 22. Kh2 Bd6 23. f4 Rc8 24. Rac1 h5 25. c4 Bf7 26. Nxf7 Kxf7 27. Be5 Be7 28. cxd5 exd5 29. Bxf6 Kxf6 30. Bxh5 Bxa3 31. Ra1 Rc3 32. Rf3 Rxf3 33. Bxf3 Bd6 34. Rxa4 Ke6 35. g3 Bc5 36. Ra1 b6 37. Kg2 Kd6 38. Ra7 Bd4 39. h4 Kc5 40. Be2 Re8 41. Rc7+ Kb4 42. Bf1 Bf6 43. Rc6 Rd8 44. h5 d4 45. Bd3 Ra8 46. h6 Rh8 47. h7 Rf8 48. g4 1-0